Filmographie Joel et Ethan Coen - Statistiques

Statistiques générales
  • Ce quiz a été pris 36 fois
  • Le résultat moyen est 11 sur 20
Statistiques - réponses
Année Films % Correct
1996 Fargo
87%
2007 No Country for Old Men
77%
1998 The Big Lebowski
77%
1987 Arizona Junior
68%
2000 O'Brother
68%
1991 Barton Fink
65%
2008 Burn After Reading
58%
2016 Ave, César !
55%
2010 True Grit
55%
2013 Inside Llewyn Davis
45%
2021(seulement Joel) Macbeth
45%
2001 The Barber - L'Homme qui n'était pas là
45%
2009 A Serious Man
42%
2018 La Ballade de Buster Scruggs
42%
2004 Ladykillers
42%
1990 Miller's Crossing
42%
1994 Le Grand Saut
39%
1984 Sang pour sang
39%
2003 Intolérable Cruauté
35%
2024(seulement Ethan) Drive-Away Dolls
32%
Aucun quiz correspondant
Distribution des résultats
% des personnes avec chaque résultat
Percentile par nombre de réponses
Votre historique - résultats
Vous n’avez pas pris ce quiz